Self-similar processes in telecommunications (Record no. 11784)
[ view plain ]
| 000 -LEADER | |
|---|---|
| fixed length control field | 00404nam a22001457a 4500 |
| 020 ## - INTERNATIONAL STANDARD BOOK NUMBER | |
| International Standard Book Number | 9780470014868 |
| 082 ## - DEWEY DECIMAL CLASSIFICATION NUMBER | |
| Classification number | 621.382150151922 SHE |
| 100 ## - MAIN ENTRY--PERSONAL NAME | |
| Personal name | Shelukhin, O. I. |
| 245 ## - TITLE STATEMENT | |
| Title | Self-similar processes in telecommunications |
| 260 ## - PUBLICATION, DISTRIBUTION, ETC. | |
| Place of publication, distribution, etc. | New York |
| Name of publisher, distributor, etc. | John Wiley |
| Date of publication, distribution, etc. | 2007 |
| 300 ## - PHYSICAL DESCRIPTION | |
| Extent | xix, 314p. : |
| Accompanying material | 24 cm |
| 650 ## - SUBJECT ADDED ENTRY--TOPICAL TERM | |
| Topical term or geographic name entry element | Internetworking (Telecommunication) |
| 700 ## - ADDED ENTRY--PERSONAL NAME | |
| Personal name | Oleg I. Shelukhin |
| 942 ## - ADDED ENTRY ELEMENTS (KOHA) | |
| Koha item type | Book |
| Withdrawn status | Lost status | Damaged status | Not for loan | Collection code | Permanent Location | Current Location | Shelving location | Date acquired | Source of acquisition | Cost, normal purchase price | Total Checkouts | Total Renewals | Full call number | Barcode | Date last seen | Date last checked out | Price effective from | Koha item type |
|---|---|---|---|---|---|---|---|---|---|---|---|---|---|---|---|---|---|---|
| Central Library (CL) | Central Library (CL) | General Stacks | 04/09/2013 | Multi-Line Books | 12408.64 | 1 | 1 | 621.382150151922 SHE | SEECS012191 | 03/10/2014 | 01/20/2014 | 04/18/2013 | Book |
